000 00972nam a2200229Ia 4500
001 909-PEU ci (7551)
003 IT-MiSPE
008 171229s9999||||xx |||||||||||||| ||und||
040 _aIT-MiSPE
_cIT-MiSPE
041 _aFRANCESE
100 _aRobert Folz
245 0 _aPeuples et civilisations
_bV. De l'Antiquité au mond médiéval
250 _a1a ed. (v)
260 _aParis
_bPUF
_c1972
300 _a675 p. [v.]
_c22 cm
490 _v
501 _aEdizioni San Paolo srl - Piazza Soncino, 5 - 20092 CINISELLO BALSAMO (MI) (non commercial uses only) ® Copyright 2018
520 _aAA.VV.. Cart. geo.
942 _cBK
957 _71
999 _a18885
_bNO
_g Copie: 1
_c355710
_d355710